Top 50 Joueurs de tennis ATP depuis 1990 - Statistiques

Statistiques générales
  • Ce quiz a été pris 81 fois
  • Le résultat moyen est 30 sur 50
Statistiques - réponses
Pays Points Jetpunk Joueur % Correct
SRB 1257 Novak DJOKOVIC
100%
ESP 1064 Rafael NADAL
100%
SUI 1148 Roger FEDERER
100%
GBR 480 Andy MURRAY
94%
FRA 129 Gael MONFILS
94%
USA 554 Andre AGASSI
93%
FRA 163 Jo Wilfried TSONGA
93%
ESP 261 David FERRER
90%
GER 281 Alexander ZVEREV
89%
RUS 243 Daniil MEDVEDEV
89%
SUI 204 Stanislas WAWRINKA
87%
ESP 277 Carlos ALCARAZ
86%
ITA 253 Jannik SINNER
86%
USA 634 Pete SAMPRAS
86%
GRE 169 Stefanos TSITSIPAS
83%
FRA 123 Richard GASQUET
76%
ARG 191 Martin DEL POTRO
74%
JPN 150 Kei NISHIKORI
73%
USA 273 Andy RODDICK
70%
CRO 176 Marin CILIC
70%
AUT 152 Dominic THIEM
69%
ESP 165 Juan Carlos FERRERO
67%
GER 271 Boris BECKER
66%
BRA 183 Gustavo KUERTEN
66%
BUL 123 Grigor DIMITROV
64%
AUS 250 Lleyton HEWITT
64%
RUS 137 Andrei RUBLEV
61%
CAN 127 Milos RAONIC
61%
RUS 166 Marat SAFIN
60%
CZE 205 Tomas BERDYCH
56%
ESP 180 Carlos MOYA
53%
SWE 247 Stefan EDBERG
53%
USA 247 Michael CHANG
43%
CRO 225 Goran IVANISEVIC
39%
USA 251 Jim COURIER
39%
RUS 220 Yevgeny KAFELNIKOV
39%
ARG 129 David NALBANDIAN
37%
RUS 148 Nikolay DAVYDENKO
36%
CHI 134 Marcelo RIOS
31%
AUS 142 Patrick RAFTER
30%
AUT 202 Thomas MUSTER
30%
GER 128 Tommy HAAS
27%
ESP 142 Sergi BRUGUERA
20%
CZE 119 Petr KORDA
19%
GBR 125 Tim HENMAN
19%
ESP 129 Alex CORRETJA
17%
GER 158 Michael STICH
17%
NED 144 Richard KRAJICEK
14%
RSA 116 Wayne FERREIRA
14%
SWE 116 Thomas ENQVIST
11%
Aucun quiz correspondant
Distribution des résultats
% des personnes avec chaque résultat
Percentile par nombre de réponses
Votre historique - résultats
Vous n’avez pas pris ce quiz